000 00999nam a2200301 i 4500
001 bg
003 KOSZ 005
005 20200408120136.0
008 070205s pl f f |000 0 pol d
020 _a83920288171
040 _cKOSZ 005/HR
_aKOSZ 005/HR
_dKOSZ 005/HR
080 _a631:54
080 _a(075.8)
100 1 _aLipiński, Wojciech.
245 1 0 _aChemia rolna :
_bdla studentów agrobiznesu /
_cWojciech Lipiński.
260 _aLublin :
_bWydawnictwo Akademickie Wyższej Szkoły Społeczno-Przyrodniczej,
_c2006.
300 _a119 s. ;
_c24 cm.
336 _2rdacontent
_aTekst
_btxt
337 _2rdamedia
_aBez urządzenia pośredniczącego
_bn
338 _2rdacarrier
_aWolumin
_bnc
380 _aKsiążki
504 _aBibliogr.
655 4 _aPodręczniki akademickie
650 4 _aAgrochemia
650 4 _aNawozy
856 _uhttp://koha.tu.koszalin.pl/cgi-bin/koha/opac-detail.pl?biblionumber=52875
_yKatalog online BPK
942 _cKS
_2UKD
999 _c52875
_d52875